Tony Winning Musicals Quiz Stats

 Plays Quiz Updated Jun 10, 2019

Score 0/71 Timer 10:00
3 Plays Today
Year Musical % Correct
2016Hamilton
81.2%
1983Cats
76.7%
1988Phantom of the Opera
75.5%
1996Rent
71.4%
1998The Lion King
68.9%
1987Les Misérables
65.9%
2017Dear Evan Hansen
65.5%
1960The Sound of Music and Fiorello! (Tie)
64%
2019Hadestown
61.3%
2003Hairspray
57.3%
2018The Band's Visit
57%
2004Avenue Q
56.5%
1950South Pacific
55.7%
2015Fun Home
52%
1977Annie
51.8%
2013Kinky Boots
51.1%
1951Guys and Dolls
50.1%
2012Once
49.7%
2001The Producers
49.4%
1965Fiddler on the Roof
49.1%
1976A Chorus Line
49.1%
1967Cabaret
48.6%
1957My Fair Lady
48%
2007Spring Awakening
47.2%
2006Jersey Boys
46.2%
1980Evita
45.3%
1952The King and I
45%
2005Monty Python's Spamalot
43.8%
2008In the Heights
43.3%
1958The Music Man
43.3%
1949Kiss Me, Kate
41.9%
1979Sweeney Todd
41.9%
2014A Gentleman's Guide to Love and Murder
40.7%
1975The Wiz
40%
1964Hello, Dolly!
39.7%
2009Billy Elliot, The Musical
38.2%
Year Musical % Correct
2002Thoroughly Modern Millie
36.3%
198142nd Street
35.6%
1971Company
35.5%
1963A Funny Thing Happened on the Way to the Forum
34.6%
1962How to Succeed in Business Without Really Trying
34.5%
1961Bye Bye Birdie
34.4%
1997Titanic
33.3%
1956Damn Yankees
32.6%
1973A Little Night Music
31.5%
1995Sunset Boulevard
30.7%
1955The Pajama Game
30.2%
19691776
29.9%
1966Man of La Mancha
29.3%
1999Fosse
28.7%
2011The Book of Mormon
28.1%
1984La Cage aux Folles
27.5%
1982Nine
27.5%
2000Contact
27.1%
1993Kiss of the Spider Woman
26.3%
1994Passion
25.5%
1954Kismet
24.7%
1991The Will Rogers Follies
23.7%
2010Memphis
23.5%
1992Crazy For You
23.2%
1970Applause
22.4%
1989Jerome Robbins' Broadway
22.3%
1953Wonderful Town
22.1%
1959Redhead
22.1%
1985Big River
21.9%
1990City of Angels
21.9%
1974Raisin
21.7%
1978Ain't Misbehavin'
21.2%
1972Two Gentlemen of Verona
21.1%
1986The Mystery of Edwin Drood
20.8%
1968Hallelujah, Baby!
19%

You're not logged in!

Compare scores with friends on all Sporcle quizzes.
OR
Log In

Sporcle TV

Today on Sporcle TV


Watch our educational content, quiz creation guides, and fun videos on Sporcle TV.

Show Comments

Extras

Top Quizzes Today


Score Distribution

Your Account Isn't Verified!

In order to create a playlist on Sporcle, you need to verify the email address you used during registration. Go to your Sporcle Settings to finish the process.

Report this User

Report this user for behavior that violates our Community Guidelines.

Details: